Management Review (Record no. 97654)

MARC details
000 -LEADER
fixed length control field 00321nam a2200097Ia 4500
008 - FIXED-LENGTH DATA ELEMENTS--GENERAL INFORMATION
fixed length control field 230206s9999 xx 000 0 und d
041 ## - LANGUAGE CODE
Language code of text/sound track or separate title eng
100 ## - MAIN ENTRY--PERSONAL NAME
Personal name Y. K. Bhushan, Editor; V. N. Patankar, Editor; Rajan Saxena, Editor & H. H. Mankad, Editor
9 (RLIN) 119205
245 ## - TITLE STATEMENT
Title Management Review
260 ## - PUBLICATION, DISTRIBUTION, ETC. (IMPRINT)
Date of publication, distribution, etc. 1996
Name of publisher, distributor, etc. H. H. Mankad
Place of publication, distribution, etc. Mumbai
Holdings
Withdrawn status Lost status Damaged status Not for loan Home library Current library Date acquired Vendor Serial Enumeration / chronology Total Checkouts Full call number Barcode Date last seen Bill Date Koha item type Original Barcode
        Smt. Hiraben Nanavati Institute of Management & Research for Women Smt. Hiraben Nanavati Institute of Management & Research for Women 14/06/2014 Satya Gilani July 96 to June 98 (Vol. 3 No. 2 to Vol. 10 No. 1)   658/BHU BV0098 HIMR-BV-98 06/02/2023 14/06/2014 Bound Volume BV0098